| 000 | 00944nam a22002177a 4500 | ||
|---|---|---|---|
| 005 | 20141204091724.0 | ||
| 008 | 141203b1998 ck Il. |r|||| 00| 0 spa d | ||
| 040 | _cCO-BoIH | ||
| 041 | _aspa | ||
| 090 |
_aEA _b00186 |
||
| 100 | 1 |
_aPedraza-Ordoñez, Gloria Ximena _929576 |
|
| 245 | 1 |
_aDescontaminación de Aguas Servidas en la Actividad Agropecuaria : _bBasado en: "Investigación, validación y promoción de sistemas integrados de descontaminación de aguas servidas" _cGloria Ximena, Pedraza-Ordoñez... (et al.) |
|
| 260 |
_aCali : _bFundación CIPAV, _bEcofondo, _bColciencias, _c1998. |
||
| 300 |
_a13 pag _bIl. _c21 x 27 cm |
||
| 504 | _aIncluye referencias bibliográficas (pag 13) | ||
| 650 |
_aPurificación de aguas residuales. _929766 |
||
| 650 |
_aContaminación del agua. _929767 |
||
| 650 |
_aProcesos de potabilización del agua _xCálculos. _929768 |
||
| 650 |
_aPurificación del agua _xCálculos. _929769 |
||
| 942 |
_2z _cLIBRO |
||
| 999 |
_c8863 _d8863 |
||